[Event "Mittelfranken-chTB2a 1617"]
[Site "Mittelfranken"]
[Date "2017.01.22"]
[Round "5.7"]
[White "Sawitzki, Nikolaus"]
[Black "Metzenroth, Dieter"]
[Result "0-1"]
[WhiteElo "1715"]
[BlackElo "1740"]
[PlyCount "110"]
[EventDate "2016.10.23"]
[EventType "team-tourn"]
[EventRounds "9"]
[EventCountry "GER"]
[SourceTitle "EXT 2022"]
[Source "ChessBase"]
[SourceDate "2021.10.06"]
[SourceVersion "1"]
[SourceVersionDate "2021.10.06"]
[SourceQuality "1"]
[WhiteTeam "Fuerth SG"]
[BlackTeam "Cadolzburg"]
[WhiteTeamCountry "GER"]
[BlackTeamCountry "GER"]

1. e4 c5 2. Bc4 Nc6 3. d3 e6 4. Nc3 g6 5. a3 Bg7 6. Nf3 Nge7 7. 0-0 0-0 8. h3 a6 9. Bg5 h6 10. Bd2 d5 11. exd5 exd5 12. Ba2 Be6 13. Qc1 Kh7 14. Ne2 Nf5 15. Nf4 Qd7 16. c3 Rae8 17. Nh2 Ne5 18. Bb1 d4 19. Nxe6 fxe6 20. Qd1 Qc6 21. f4 Nh4 22. Qe2 Nd7 23. Nf3 Nf5 24. Qf2 e5 25. cxd4 exd4 26. Ba2 Ne3 27. Bxe3 Rxe3 28. Qh4 Bf6 29. Qg4 h5 30. Ng5+ Bxg5 31. Qxg5 Rf5 32. Qd8 Rf8 33. Qh4 Re2 34. Rf2 Rxf2 35. Qxf2 Qf6 36. Rf1 Qd6 37. Qf3 b5 38. Qe4 Nf6 39. Qe5 Rd8 40. Qg5 Qe7 41. Kh1 Nd5 42. Qe5 Qg7 43. Re1 Qxe5 44. Rxe5 Nxf4 45. Rxc5 Nxd3 46. Rc7+ Kh6 47. b4 Ne5 48. Rc1 d3 49. Bb3 d2 50. Rb1 Nc4 51. a4 Ne3 52. Bd1 bxa4 53. Kg1 Rc8 54. Rb2 Rc1 55. Rxd2 Rxd1+ 0-1